[Event "Erlenbach 2006"]
[Site "Klingenberg"]
[Date "2006.04.22"]
[Round "1.1"]
[White "Amsterdam, Mephisto"]
[Black "Genesis, Millennium"]
[Result "1-0"]
[WhiteElo "1927"]
[BlackElo "1960"]
[PlyCount "93"]
[EventDate "2006.04.22"]
[EventType "swiss"]
[EventRounds "6"]
[EventCountry "GER"]

1. d4 f5 2. Bg5 Nf6 3. e3 Ne4 4. Bh4 c5 5. f3 Nf6 6. Nc3 cxd4 7. Qxd4 d6 8.
Bb5+ Nc6 9. O-O-O Bd7 10. Qd3 a6 11. Bxc6 bxc6 12. Nge2 Qb6 13. Bxf6 gxf6 14.
Qd4 Rb8 15. Qxb6 Rxb6 16. f4 Rg8 17. g3 Rg7 18. Rhf1 e6 19. e4 d5 20. exf5 exf5
21. Nd4 Bc5 22. Na4 Bxd4 23. Rxd4 Rb5 24. Rdd1 Re7 25. Rfe1 Kd8 26. Rxe7 Kxe7
27. b3 Be6 28. Kd2 h6 29. Kd3 h5 30. Nc3 Rc5 31. Re1 Kd6 32. a4 Bd7 33. h3 a5
34. Kd4 Bc8 35. Re8 Ba6 36. Rh8 h4 37. Rxh4 Bf1 38. Rh6 Rxc3 39. Kxc3 Ke7 40.
h4 Ke6 41. Rh7 c5 42. Ra7 Kd6 43. h5 d4+ 44. Kd2 c4 45. h6 c3+ 46. Kc1 d3 47.
cxd3 1-0

[Event "Erlenbach 2006"]
[Site "Klingenberg"]
[Date "2006.04.22"]
[Round "1.2"]
[White "President, Saitek"]
[Black "Scorpio 68000, Novag"]
[Result "1-0"]
[WhiteElo "1997"]
[BlackElo "2073"]
[PlyCount "55"]
[EventDate "2006.04.22"]
[EventType "swiss"]
[EventRounds "6"]
[EventCountry "GER"]

1. e4 e5 2. Nf3 Nc6 3. Bb5 d6 4. O-O Bg4 5. d3 Nf6 6. Bg5 Be7 7. h3 Bd7 8. Nc3
O-O 9. a3 a6 10. Ba4 b5 11. Bb3 Na5 12. Ba2 h6 13. Be3 c6 14. Nd2 Qc7 15. f4
Rad8 16. Qe2 exf4 17. Rxf4 Nb7 18. Qf2 c5 19. Rxf6 Bxf6 20. Nd5 Qa5 21. Nxf6+
Kh8 22. Qh4 Bf5 23. exf5 Qa4 24. c4 Qc2 25. Bxh6 Qc1+ 26. Rxc1 gxf6 27. Qxf6+
Kh7 28. Qg7# 1-0

[Event "Erlenbach 2006"]
[Site "Klingenberg"]
[Date "2006.04.22"]
[Round "1.3"]
[White "Super Expert C 6 Mhz, Novag"]
[Black "Miami, Mephisto"]
[Result "1-0"]
[WhiteElo "2019"]
[BlackElo "1966"]
[PlyCount "57"]
[EventDate "2006.04.22"]
[EventType "swiss"]
[EventRounds "6"]
[EventCountry "GER"]

1. c4 c5 2. Nf3 Nf6 3. d4 cxd4 4. Nxd4 e5 5. Nb5 Bb4+ 6. Bd2 Bxd2+ 7. Qxd2 O-O
8. Nd6 Nc6 9. e3 Ne8 10. Nc3 Nxd6 11. Qxd6 Re8 12. Bd3 Re6 13. Qa3 b6 14. Rd1
Re8 15. O-O a6 16. Ne4 Re7 17. Nd6 Qc7 18. Be4 Ra7 19. Bd5 g6 20. f4 b5 21.
fxe5 b4 22. Rxf7 bxa3 23. Rxe7+ Kh8 24. Re8+ Kg7 25. Rg8+ Kh6 26. Nf7+ Kh5 27.
Bf3+ Kh4 28. g3+ Kh3 29. Ng5# 1-0

[Event "Erlenbach 2006"]
[Site "Klingenberg"]
[Date "2006.04.22"]
[Round "1.4"]
[White "Corona D+ 8 Mhz, Saitek"]
[Black "Excel 68000 Mach III Master, Fidelity"]
[Result "0-1"]
[WhiteElo "2063"]
[BlackElo "2021"]
[PlyCount "122"]
[EventDate "2006.04.22"]
[EventType "swiss"]
[EventRounds "6"]
[EventCountry "GER"]

1. d4 Nf6 2. Nf3 g6 3. c4 Bg7 4. Nc3 d6 5. e4 O-O 6. Be2 e5 7. d5 Nbd7 8. O-O
Nc5 9. Qc2 a5 10. Bg5 h6 11. Be3 Nh5 {*} 12. Ne1 Nf4 13. Bf3 {*} Qg5 14. Nb5 {
0,63} Qe7 15. Bxc5 dxc5 16. Nd3 Nxd3 17. Qxd3 {0,49} Rd8 18. Qe3 b6 19. Rab1
Bb7 20. Bg4 c6 21. Nc3 Rd6 22. Na4 cxd5 23. cxd5 Qh4 24. Qh3 Qxh3 25. Bxh3 Rad8
26. Nc3 Ba6 27. Rfd1 Bf6 28. a4 Bg5 29. Bg4 f5 30. exf5 Bc8 31. Bf3 Bxf5 32.
Ne4 Rxd5 33. Rxd5 Rxd5 34. Nf6+ Kg7 35. Nxd5 Bxb1 36. Nxb6 e4 37. Bd1 e3 38.
Nc4 exf2+ 39. Kxf2 Bh4+ 40. Kf3 Bd8 41. Bb3 Bc7 42. g3 Bf5 43. Ke2 Be6 44. Kd3
Kf6 45. Nd2 Ke7 46. Bxe6 Kxe6 47. Kc4 Be5 48. b3 Bd4 49. Ne4 Kf5 50. Nxc5 Bg1
51. h3 g5 52. Nb7 g4 53. hxg4+ Kxg4 54. Nxa5 Kxg3 55. Nc6 h5 56. Nd4 Bxd4 57.
a5 Ba7 58. b4 h4 59. b5 h3 60. b6 h2 61. bxa7 h1=Q 0-1

[Event "Erlenbach 2006"]
[Site "Klingenberg"]
[Date "2006.04.22"]
[Round "1.5"]
[White "Milano, Mephisto"]
[Black "Polgar, Mephisto"]
[Result "0-1"]
[WhiteElo "2010"]
[BlackElo "1982"]
[PlyCount "129"]
[EventDate "2006.04.22"]
[EventType "swiss"]
[EventRounds "6"]
[EventCountry "GER"]

1. c4 c6 2. d4 d5 3. Nf3 Nf6 4. Nc3 dxc4 5. a4 Bf5 6. e3 e6 7. Bxc4 Bb4 8. O-O
O-O 9. Nh4 Bg4 10. f3 Bh5 11. g4 Bg6 12. Nxg6 hxg6 13. e4 Nbd7 14. Bg5 Nb6 15.
Bb3 Qc7 16. Bxf6 gxf6 17. f4 Rad8 18. a5 Nd7 19. a6 bxa6 20. Qe2 Nb6 21. f5
Rxd4 22. fxe6 fxe6 23. Bxe6+ Kg7 24. g5 Bc5 25. Kh1 fxg5 26. Rxf8 Kxf8 27. Qf1+
Kg7 28. Qh3 Rd8 29. Ne2 Qe5 30. Qc3 Qxc3 31. Nxc3 Rd2 32. Rxa6 Kf6 33. Bg4 Bd4
34. Ne2 Bxb2 35. Rxa7 Be5 36. Ra5 Rc2 37. h3 Nc4 38. Rc5 Ne3 39. Rxc2 Nxc2 40.
Nc1 Ne3 41. Nd3 Nxg4 42. hxg4 Bd4 43. Kg2 c5 44. Kf3 c4 45. Nb4 Ke6 46. Nc2 Bc5
47. Ne1 Ke5 48. Nc2 c3 49. Ne1 Kd4 50. e5 Kxe5 51. Ke2 Ke4 52. Nc2 Bb6 53. Nb4
Ba5 54. Nc2 Kf4 55. Ne3 Bd8 56. Kd3 Kf3 57. Nd5 Kxg4 58. Nxc3 Kf3 59. Ne4 g4
60. Nd2+ Kg2 61. Ke4 g3 62. Kf4 Kh3 63. Nf3 g5+ 64. Ke4 g4 65. Nd4 0-1

[Event "Erlenbach 2006"]
[Site "Klingenberg"]
[Date "2006.04.22"]
[Round "1.6"]
[White "Designer 2265 Master, Fidelity"]
[Black "Dominator 11 MHz, Saitek"]
[Result "1-0"]
[WhiteElo "2021"]
[BlackElo "1932"]
[PlyCount "138"]
[EventDate "2006.04.22"]
[EventType "swiss"]
[EventRounds "6"]
[EventCountry "GER"]

1. d4 c6 2. c4 d5 3. Nf3 Nf6 4. Nc3 dxc4 5. a4 Bf5 6. Ne5 Nbd7 7. Nxc4 Qc7 8.
g3 e5 9. dxe5 Nxe5 10. Bf4 Nfd7 11. Bg2 Be6 12. Nxe5 Nxe5 13. Qd4 f6 14. O-O g5
15. Bc1 Bg7 16. Rd1 O-O 17. Qc5 Nd7 18. Qa3 Nb6 19. e4 Nc4 20. Qb3 Qf7 21. Qc2
Na5 22. Qe2 Bb3 23. Rd6 Nc4 24. Rd3 Rad8 25. Nd5 cxd5 26. Rxb3 Rfe8 27. Qc2
dxe4 28. Bxe4 Rxe4 29. Qxe4 Nd2 30. Bxd2 Qxb3 31. Bc3 Qd5 32. Qe7 Rd6 33. Re1
Bf8 34. Qe8 Rd8 35. Qe2 Qf7 36. Qf3 Bg7 37. Bb4 Bf8 38. Bxf8 Rxf8 39. Qe3 a6
40. f4 gxf4 41. Qxf4 Rd8 42. b4 Re8 43. Rc1 Qe6 44. a5 Rd8 45. Rf1 Rd6 46. Qf3
Qd7 47. Qb3+ Kg7 48. Qc3 Rd4 49. Re1 Rd1 50. Qe3 h6 51. Rxd1 Qxd1+ 52. Kf2 Qc2+
53. Qe2 Qf5+ 54. Kg2 Kf7 55. Qc4+ Qe6 56. Qc5 Kg6 57. Qc2+ Kg5 58. h4+ Kh5 59.
Qd3 f5 60. Qf3+ Kg6 61. Qxb7 Qe2+ 62. Kh3 Qg4+ 63. Kh2 Qe2+ 64. Qg2 Qe6 65. Qf2
Qc4 66. Qb6+ Kh5 67. Kg1 f4 68. Qc5+ Qxc5+ 69. bxc5 Kg4 1-0

[Event "Erlenbach 2006"]
[Site "Klingenberg"]
[Date "2006.04.22"]
[Round "1.7"]
[White "Mach II, Fidelity"]
[Black "MM IV, Mephisto"]
[Result "1/2-1/2"]
[WhiteElo "1915"]
[BlackElo "1920"]
[PlyCount "89"]
[EventDate "2006.04.22"]
[EventType "swiss"]
[EventRounds "6"]
[EventCountry "GER"]

1. d4 Nf6 2. c4 c5 3. d5 e6 4. Nc3 exd5 5. cxd5 d6 6. e4 g6 7. Nf3 Bg7 8. Be2
O-O 9. O-O Re8 10. Nd2 a6 11. a4 Nbd7 12. Qc2 Ne5 13. Ra3 Bd7 14. h3 Bc8 15.
Nc4 Nxc4 16. Bxc4 Qe7 17. Bg5 h6 18. Bxf6 Bxf6 19. Bd3 Be5 20. Qd2 Bg7 21. a5
f5 22. exf5 Bxf5 23. Bxf5 gxf5 24. Qd3 Qe5 25. Raa1 Rac8 26. Qd1 c4 27. Qh5 f4
28. Qg4 Qg5 29. Qf3 Qf5 30. Na4 Re4 31. Rad1 Rce8 32. Qa3 Qg6 33. Nb6 f3 34.
Qxf3 Bxb2 35. Rb1 Bg7 36. Qa3 Rf8 37. Rb4 Bd4 38. Rxc4 Rxf2 39. Rxf2 Re1+ 40.
Kh2 Bxf2 41. Rc8+ Kh7 42. Rc7+ Kg8 43. Rc8+ Kh7 44. Rc7+ Kg8 45. Rc8+ 1/2-1/2

[Event "Erlenbach 2006"]
[Site "Klingenberg"]
[Date "2006.04.22"]
[Round "2.1"]
[White "Roma 68000, Mephisto"]
[Black "Super Expert C 6 Mhz, Novag"]
[Result "0-1"]
[WhiteElo "1956"]
[BlackElo "2019"]
[PlyCount "112"]
[EventDate "2006.04.22"]
[EventType "swiss"]
[EventRounds "6"]
[EventCountry "GER"]

1. c4 c5 2. Nc3 Nc6 3. Nf3 Nf6 4. d4 cxd4 5. Nxd4 e6 6. g3 Bc5 7. Nxc6 bxc6 8.
Bg2 d5 9. O-O O-O 10. Na4 Be7 11. Qc2 Ba6 12. cxd5 cxd5 13. Bf4 Rc8 14. Qd2 Rc4
15. Nc3 d4 16. Nd1 Bb4 17. Qd3 Rc1 18. Rxc1 Bxd3 19. exd3 Nd5 20. Bxd5 Qxd5 21.
Rc4 Bd6 22. Bxd6 Qxd6 23. Re1 g6 24. Re4 Rd8 25. b3 Kg7 26. Re2 Qd5 27. Nb2 Kf6
28. Rec2 Qa5 29. Na4 Qf5 30. Nb2 Qf3 31. Rc7 a6 32. R7c6 a5 33. R6c5 Rd5 34.
Rxd5 Qxd5 35. f3 Qg5 36. f4 Qh5 37. Rf2 Qd5 38. Nc4 h5 39. Rb2 h4 40. Ne5 g5
41. Rf2 h3 42. Nc4 gxf4 43. Rxf4+ Ke7 44. Rf2 f6 45. Rd2 Qf3 46. a3 e5 47. b4
e4 48. Rf2 Qxd3 49. Nxa5 Qxa3 50. Nc6+ Ke8 51. b5 Qc1+ 52. Rf1 Qe3+ 53. Rf2 d3
54. Nb4 d2 55. Nc2 d1=Q+ 56. Ne1 Qdxe1# 0-1

[Event "Erlenbach 2006"]
[Site "Klingenberg"]
[Date "2006.04.22"]
[Round "2.2"]
[White "Excel 68000 Mach III Master, Fidelity"]
[Black "Amsterdam, Mephisto"]
[Result "1-0"]
[WhiteElo "2021"]
[BlackElo "1927"]
[PlyCount "89"]
[EventDate "2006.04.22"]
[EventType "swiss"]
[EventRounds "6"]
[EventCountry "GER"]

1. d4 d5 2. c4 c6 3. Nf3 e6 4. e3 Nf6 5. Nc3 Nbd7 6. Bd3 Bd6 7. e4 dxe4 8. Nxe4
Nxe4 9. Bxe4 O-O 10. O-O h6 11. Bc2 Qc7 12. Re1 c5 13. Qd3 Nf6 14. Be3 cxd4 15.
Bxd4 Rd8 16. Qc3 Be7 17. Be5 Qc5 18. Rad1 Rxd1 19. Rxd1 Bd7 20. Bd4 Qc7 21. Ne5
Bc6 22. Qe3 b6 23. Nxc6 Qxc6 24. Bxf6 Bxf6 25. Be4 Qc8 26. Bxa8 Qxa8 27. b3 Qe8
28. Qf4 Qe7 29. Qb8+ Kh7 30. Qd6 Qxd6 31. Rxd6 Kg6 32. Rd7 a6 33. Rd6 b5 34. c5
Be7 35. Rxa6 Bxc5 36. Ra5 f5 37. a4 Kg5 38. Rxb5 Bd4 39. Rb4 e5 40. a5 Bc5 41.
Rb7 e4 42. Rxg7+ Kf4 43. a6 e3 44. fxe3+ Kxe3 45. a7 1-0

[Event "Erlenbach 2006"]
[Site "Klingenberg"]
[Date "2006.04.22"]
[Round "2.3"]
[White "Polgar, Mephisto"]
[Black "President, Saitek"]
[Result "1-0"]
[WhiteElo "1982"]
[BlackElo "1997"]
[PlyCount "67"]
[EventDate "2006.04.22"]
[EventType "swiss"]
[EventRounds "6"]
[EventCountry "GER"]

1. c4 e5 2. Nc3 Nf6 3. Nf3 Nc6 4. g3 Bb4 5. Bg2 O-O 6. O-O e4 7. Ng5 Bxc3 8.
bxc3 Re8 9. d3 exd3 10. exd3 d6 11. Rb1 Bg4 12. f3 Bc8 13. Ne4 h6 14. Be3 d5
15. cxd5 Nxd5 16. Bf2 f5 17. Nc5 b6 18. Na4 f4 19. Qd2 Qg5 20. Rfe1 Bf5 21.
Rxe8+ Rxe8 22. Re1 Re5 23. Rxe5 Nxe5 24. h4 Qg6 25. d4 Nc4 26. Qe2 b5 27. h5
Qc6 28. g4 bxa4 29. gxf5 Nxc3 30. Qe7 Nxa2 31. f6 gxf6 32. Bh3 Nd2 33. Be6+
Qxe6 34. Qxe6+ 1-0

[Event "Erlenbach 2006"]
[Site "Klingenberg"]
[Date "2006.04.22"]
[Round "2.4"]
[White "MM IV, Mephisto"]
[Black "Designer 2265 Master, Fidelity"]
[Result "1/2-1/2"]
[WhiteElo "1920"]
[BlackElo "2021"]
[PlyCount "161"]
[EventDate "2006.04.22"]
[EventType "swiss"]
[EventRounds "6"]
[EventCountry "GER"]

1. d4 Nf6 2. c4 g6 3. Nc3 d5 4. cxd5 Nxd5 5. e4 Nxc3 6. bxc3 Bg7 7. Bc4 O-O 8.
Ne2 c5 9. Be3 Nd7 10. O-O Qc7 11. Qd3 Rd8 12. Bb3 Nb6 13. Bf4 e5 14. Bg5 Rd7
15. Bc2 h6 16. Bh4 exd4 17. Bg3 Qc6 18. cxd4 Bxd4 19. Nxd4 Rxd4 20. Qe3 Kh7 21.
Bf4 Nc4 22. Qc1 g5 23. Bg3 Be6 24. f4 Rg8 25. fxg5 Rxg5 26. Rf3 Nd2 27. e5+ Ne4
28. Bf4 Rg6 29. Qa3 Bg4 30. Rb3 Bf5 31. Rf3 Qb5 32. Bg3 Nxg3 33. Bxf5 Nxf5 34.
Rxf5 Rg7 35. Raf1 Rd2 36. R5f2 Rxf2 37. Rxf2 Qb1+ 38. Rf1 Qe4 39. Qf3 Qxf3 40.
Rxf3 c4 41. a4 b6 42. Rf4 c3 43. Rc4 Rg5 44. Rxc3 Rxe5 45. Rc7 Ra5 46. Rxf7+
Kg6 47. Rf4 b5 48. axb5 Rxb5 49. Ra4 a5 50. Kf2 Re5 51. Kf3 Kf6 52. g4 Rc5 53.
h4 Re5 54. Rc4 Kf7 55. Rc7+ Kg6 56. Ra7 Rc5 57. Ke3 Rd5 58. Ra6+ Kg7 59. Ra8
Re5+ 60. Kf4 Rc5 61. Ra7+ Kf6 62. g5+ hxg5+ 63. hxg5+ Kg6 64. Ra6+ Kg7 65. Kg4
Rd5 66. Kh5 Re5 67. Ra7+ Kf8 68. Kh6 Re3 69. Rxa5 Rh3+ 70. Kg6 Ke7 71. Re5+ Kf8
72. Rb5 Ra3 73. Rb7 Ra1 74. Kh5 Re1 75. g6 Rg1 76. Rf7+ Kg8 77. Ra7 Rh1+ 78.
Kg4 Rf1 79. Rc7 Kf8 80. Rb7 Kg8 81. Rd7 1/2-1/2

[Event "Erlenbach 2006"]
[Site "Klingenberg"]
[Date "2006.04.22"]
[Round "2.5"]
[White "Dominator 11 MHz, Saitek"]
[Black "Corona D+ 8 Mhz, Saitek"]
[Result "0-1"]
[WhiteElo "1932"]
[BlackElo "2063"]
[PlyCount "113"]
[EventDate "2006.04.22"]
[EventType "swiss"]
[EventRounds "6"]
[EventCountry "GER"]

1. d4 Nf6 2. c4 e6 3. Nf3 b6 4. Nc3 {*} Bb4 {*} 5. a3 Bxc3+ 6. bxc3 Ba6 7. e3
O-O 8. Bd3 d5 9. cxd5 Bxd3 10. Qxd3 exd5 11. O-O c5 12. Ne5 Nbd7 13. Nc6 Qc7
14. Ne7+ Kh8 15. Bd2 Ng4 16. g3 Ndf6 17. Nf5 Ne4 18. f3 Nxd2 19. Qxd2 Nf6 20.
Rfe1 Qd7 21. Qc2 g6 22. Nh4 Rfc8 23. Ng2 Qc6 24. Qb3 Re8 25. c4 dxc4 26. Qxc4
Qxf3 27. Qxf7 Rf8 28. Qc7 cxd4 29. exd4 Rac8 30. Qe7 a5 31. Nf4 Rce8 32. Qxf6+
Rxf6 33. Rxe8+ Kg7 34. d5 Kh6 35. Re5 Qc3 36. Ree1 Qc5+ 37. Kh1 g5 38. Rec1 Qd6
39. Ng2 Qxd5 40. Rd1 Qb7 41. Rf1 Rxf1+ 42. Rxf1 Qd5 43. a4 Kh5 44. h3 Qd3 45.
Rf7 Qxg3 46. Rxh7+ Kg6 47. Rb7 Qxh3+ 48. Kg1 Qb3 49. Kf2 Qc2+ 50. Kf1 Qc6 51.
Rb8 Qc7 52. Rg8+ Kf7 53. Ra8 Qc4+ 54. Kf2 Qxa4 55. Ne3 b5 56. Kf3 b4 57. Rb8
0-1

[Event "Erlenbach 2006"]
[Site "Klingenberg"]
[Date "2006.04.22"]
[Round "2.6"]
[White "Miami, Mephisto"]
[Black "Leonardo Maestro D++ 6MHz, Saitek"]
[Result "1-0"]
[WhiteElo "1966"]
[BlackElo "1976"]
[PlyCount "117"]
[EventDate "2006.04.22"]
[EventType "swiss"]
[EventRounds "6"]
[EventCountry "GER"]

1. e4 c5 2. Nf3 e6 3. d4 cxd4 4. Nxd4 Nc6 5. Nc3 {Miami letzter Buchzug} Qc7 {
Maestro letzter Buchzug} 6. Ndb5 Qb8 7. Bc4 a6 8. Nd4 b5 9. Bb3 Bb4 10. O-O
Bxc3 11. bxc3 Nf6 12. f3 e5 13. Nf5 O-O 14. Bg5 Qb6+ 15. Rf2 Qd8 16. c4 b4 17.
Ba4 Ra7 18. Rd2 h6 19. Be3 Nd4 20. Nxd4 exd4 21. Bxd4 Rb7 22. Rc1 Nh5 23. c3
Qg5 24. h4 Qe7 25. cxb4 Rxb4 26. Be3 f5 27. Rd5 Rb2 28. Bc5 Qxh4 29. Rd2 Rxd2
30. Qxd2 Rf7 31. Bc2 fxe4 32. Bxe4 Nf4 33. Rb1 Qg5 34. Be3 Qg3 35. a3 Nh3+ 36.
Kh1 Ng5 37. Bxg5 hxg5 38. Qd5 Qh4+ 39. Kg1 Qf4 40. Bg6 Qe3+ 41. Kf1 Qe6 42.
Bxf7+ Kxf7 43. Rb8 g4 44. fxg4 Qxd5 45. cxd5 Kf6 46. Rxc8 d6 47. Re8 Kg5 48.
Re6 a5 49. Rxd6 Kxg4 50. Rg6+ Kf5 51. Re6 a4 52. Re8 g5 53. d6 g4 54. d7 Kg6
55. d8=Q {# in 5} Kf5 56. Qd5+ Kg6 57. Re6+ Kh7 58. Qb7+ Kg8 59. Re8# {
White mates} 1-0

[Event "Erlenbach 2006"]
[Site "Klingenberg"]
[Date "2006.04.22"]
[Round "2.7"]
[White "Scorpio 68000, Novag"]
[Black "Milano, Mephisto"]
[Result "1/2-1/2"]
[WhiteElo "2073"]
[BlackElo "2010"]
[PlyCount "94"]
[EventDate "2006.04.22"]
[EventType "swiss"]
[EventRounds "6"]
[EventCountry "GER"]

1. e4 e5 2. Nf3 Nf6 3. d4 Nxe4 4. Bd3 d5 5. Nxe5 Bd6 6. O-O O-O 7. c4 Bxe5 8.
dxe5 Nc6 9. Bf4 Be6 10. Qh5 Nb4 11. Bxe4 dxe4 12. Nd2 Nd3 13. Be3 Nxb2 14. Nxe4
Nxc4 15. Bc5 Re8 16. Ng5 Qd3 17. Nxe6 Rxe6 18. f4 Qd5 19. Bf2 Rg6 20. Qh3 Rd8
21. Rfc1 c5 22. a4 b6 23. Kh1 a6 24. Bg1 Nb2 25. f5 Rh6 26. Qc3 Nd3 27. Rd1 Rh5
28. Rd2 Rxf5 29. Rb1 b5 30. axb5 axb5 31. Rxb5 h6 32. Rxc5 Nxc5 33. Rxd5 Rxd5
34. g4 Rfxe5 35. Bd4 Rg5 36. h4 Rxg4 37. Bxc5 Rxh4+ 38. Kg2 Rg5+ 39. Kf1 Rh2
40. Bf2 Rb5 41. Qc6 Rb8 42. Bg3 Rb1+ 43. Be1 Rbb2 44. Qc8+ Kh7 45. Qf5+ Kh8 46.
Qc8+ Kh7 47. Qf5+ Kh8 1/2-1/2

[Event "Erlenbach 2006"]
[Site "Klingenberg"]
[Date "2006.04.22"]
[Round "2.8"]
[White "Genesis, Millennium"]
[Black "Mach II, Fidelity"]
[Result "1-0"]
[WhiteElo "1960"]
[BlackElo "1915"]
[PlyCount "93"]
[EventDate "2006.04.22"]
[EventType "swiss"]
[EventRounds "6"]
[EventCountry "GER"]

1. e4 e5 2. f4 exf4 3. Nf3 g5 4. Bc4 Bg7 5. d4 h6 6. O-O d6 7. c3 Nc6 8. Qb3
Qd7 9. Nbd2 Na5 10. Qb4 Nxc4 11. Nxc4 Qe7 12. Bd2 Nf6 13. e5 Ne4 14. exd6 Nxd6
15. Rae1 Be6 16. d5 O-O-O 17. dxe6 fxe6 18. Nd4 Qf7 19. Ne5 Bxe5 20. Rxe5 Nf5
21. Qc4 Nxd4 22. cxd4 Rd5 23. Rfe1 Rhd8 24. Bc3 Rxe5 25. Rxe5 Rd5 26. Rxd5 exd5
27. Qc5 Kb8 28. Bb4 h5 29. Qe7 Qxe7 30. Bxe7 g4 31. Kf2 Kc8 32. Bg5 Kd7 33.
Bxf4 c6 34. Kg3 Ke6 35. Kh4 Kf5 36. Bb8 Kg6 37. Bxa7 Kh6 38. Bc5 Kg6 39. a4 Kh6
40. a5 Kg6 41. b4 Kh6 42. Be7 Kg6 43. Bg5 Kf5 44. Kxh5 Ke4 45. Bf6 Kf5 46. Be5
Ke6 47. Kxg4 1-0

[Event "Erlenbach 2006"]
[Site "Klingenberg"]
[Date "2006.04.22"]
[Round "3.1"]
[White "Super Expert C 6 Mhz, Novag"]
[Black "Excel 68000 Mach III Master, Fidelity"]
[Result "1-0"]
[WhiteElo "2019"]
[BlackElo "2021"]
[PlyCount "97"]
[EventDate "2006.04.22"]
[EventType "swiss"]
[EventRounds "6"]
[EventCountry "GER"]

1. d4 Nf6 2. Nf3 g6 3. c4 Bg7 4. Nc3 d6 5. e4 O-O 6. Be2 e5 7. O-O Nc6 8. d5
Ne7 9. Ne1 Nd7 10. Nd3 f5 11. Bd2 Kh8 12. Rc1 Nb6 13. Qb3 c6 14. f3 c5 15. Rcd1
Bd7 16. Bg5 h6 17. Bh4 Rc8 18. Nb5 Bxb5 19. Qxb5 fxe4 20. fxe4 Qc7 21. Rxf8+
Bxf8 22. Rf1 g5 23. Bg3 a6 24. Qb3 Ng6 25. Nxc5 Nxc4 26. Ne6 Nd2 27. Qb4 Nxf1 (
27... Qc2) 28. Nxc7 Nxg3 29. Qxb7 Nxe2+ 30. Kf1 Rxc7 31. Qxc7 Nef4 32. g3 Kg8
33. gxf4 exf4 34. Qa7 g4 35. Qxa6 h5 36. Qc8 Kh7 37. b4 g3 38. a4 gxh2 39. Qh3
Kh6 40. a5 Bg7 41. a6 Bd4 42. Qxh2 h4 43. Qh3 Kh5 44. Ke2 Kg5 45. b5 Bc5 46.
Qc8 Bb6 47. Qf5+ Kh6 48. Qf7 Bc5 49. a7 1-0

[Event "Erlenbach 2006"]
[Site "Klingenberg"]
[Date "2006.04.22"]
[Round "3.2"]
[White "Designer 2265 Master, Fidelity"]
[Black "Polgar, Mephisto"]
[Result "1/2-1/2"]
[WhiteElo "2021"]
[BlackElo "1982"]
[PlyCount "127"]
[EventDate "2006.04.22"]
[EventType "swiss"]
[EventRounds "6"]
[EventCountry "GER"]

1. d4 d5 2. c4 c6 3. Nf3 Nf6 4. Nc3 dxc4 5. a4 Bf5 6. e3 e6 7. Bxc4 Bb4 8. O-O
O-O 9. Qe2 Nbd7 10. e4 Bg6 11. Bd3 Bh5 12. e5 Nd5 13. Nxd5 cxd5 14. Qc2 Bxf3
15. gxf3 h6 16. Bh7+ Kh8 17. Bd3 Rc8 18. Qb3 a5 19. f4 f5 20. Bb5 Nb6 21. Be3
Qh4 22. Rac1 Qg4+ 23. Kh1 Qf3+ 24. Kg1 Qh3 25. Be2 g6 26. Kh1 Kh7 27. Rg1 Rxc1
28. Rxc1 Rc8 29. Rxc8 Nxc8 30. Qc2 Ne7 31. Qc7 Qh4 32. Qxb7 g5 33. Bd2 gxf4 34.
Bxb4 axb4 35. Qd7 Kh8 36. Qxe6 Qxf2 37. Qxh6+ Kg8 38. Qh5 Kf8 39. e6 Kg7 40.
Qf7+ Kh6 41. Qf8+ Kg6 42. Qe8+ Kh6 43. Qh8+ Kg6 44. Bb5 Qe1+ 45. Kg2 Qd2+ 46.
Kf1 Qc1+ 47. Ke2 Qxb2+ 48. Kf3 Qc3+ 49. Kxf4 Qc1+ 50. Kf3 Qc3+ 51. Kf2 Qd2+ 52.
Be2 Qf4+ 53. Bf3 Qd2+ 54. Kf1 Qc1+ 55. Kg2 Qg5+ 56. Kh3 b3 57. Qe8+ Kh6 58. Qd8
b2 59. Qh8+ Kg6 60. Qb8 Qh5+ 61. Kg3 Qg5+ 62. Kh3 Qh5+ 63. Kg3 Qg5+ 64. Kh3
1/2-1/2

[Event "Erlenbach 2006"]
[Site "Klingenberg"]
[Date "2006.04.22"]
[Round "3.3"]
[White "President, Saitek"]
[Black "Roma 68000, Mephisto"]
[Result "0-1"]
[WhiteElo "1997"]
[BlackElo "1956"]
[PlyCount "96"]
[EventDate "2006.04.22"]
[EventType "swiss"]
[EventRounds "6"]
[EventCountry "GER"]

1. d4 d5 2. Nf3 Nf6 3. c4 c6 4. cxd5 cxd5 5. Nc3 Nc6 6. Bf4 Bf5 7. e3 e6 8. Bb5
Nd7 9. Qa4 Rc8 10. O-O a6 11. Bxc6 Rxc6 12. Rfc1 Be7 13. Ne2 Nb6 14. Qa5 Bc2
15. b3 Nd7 16. Qxd8+ Kxd8 17. Ne1 Be4 18. Bg3 Ba3 19. Rxc6 bxc6 20. Rd1 h5 21.
Nc3 Bf5 22. Nd3 h4 23. Bf4 h3 24. g3 f6 25. e4 dxe4 26. Nc5 Nxc5 27. dxc5+ Ke7
28. Bd6+ Kf7 29. Rd4 Bb2 30. Rc4 Bxc3 31. Rxc3 e5 32. a4 Ke6 33. Re3 g5 34. b4
Rh7 35. Rb3 Rb7 36. Kf1 Kd5 37. Rb1 Kc4 38. b5 axb5 39. Ke2 b4 40. Rc1+ Kd4 41.
Rd1+ Kc3 42. Ke3 b3 43. Rc1+ Kb4 44. Rb1 Kxa4 45. Ra1+ Kb4 46. Rb1 Kc4 47. Rb2
Kc3 48. Rb1 b2 0-1

[Event "Erlenbach 2006"]
[Site "Klingenberg"]
[Date "2006.04.22"]
[Round "3.4"]
[White "MM IV, Mephisto"]
[Black "Miami, Mephisto"]
[Result "1-0"]
[WhiteElo "1920"]
[BlackElo "1966"]
[PlyCount "163"]
[EventDate "2006.04.22"]
[EventType "swiss"]
[EventRounds "6"]
[EventCountry "GER"]

1. e4 e5 2. Nf3 Nc6 3. Bb5 a6 4. Ba4 Nf6 5. d4 exd4 6. O-O Be7 7. e5 Ne4 8.
Nxd4 {MM-IV letzter Buchzug} Nxd4 {Miami letzter Buchzug} 9. Qxd4 Nc5 10. Be3
O-O 11. Rd1 Nxa4 12. Qxa4 b5 13. Qe4 Rb8 14. Nc3 Re8 15. f4 Bb7 16. Qf5 d6 17.
Ba7 Qc8 18. Qh5 Ra8 19. Be3 f6 20. exd6 Bxd6 21. Re1 Qd7 22. Bd2 Bc5+ 23. Qxc5
Qxd2 24. Qf2 Qxf2+ 25. Kxf2 Kf7 26. Rad1 Rxe1 27. Rxe1 Re8 28. Rxe8 Kxe8 29. g4
Kf7 30. f5 g6 31. Ke3 gxf5 32. gxf5 Ke7 33. Ne4 Bxe4 34. Kxe4 Kd6 35. c3 c5 36.
b3 h6 37. c4 bxc4 38. bxc4 Kc6 39. Ke3 Kd6 40. Kf4 Ke7 41. Kg4 Kd6 42. Kh5 Ke5
43. Kg6 h5 44. h4 a5 45. a4 Kd4 46. Kxf6 Kxc4 47. Ke6 Kd4 48. f6 c4 49. f7 c3
50. f8=Q Kc4 51. Qf5 Kb3 52. Qxh5 c2 53. Qg5 Kb2 54. Qe5+ Kb1 55. Qe4 Kb2 56.
Qd4+ Kb1 57. Qb6+ Ka2 58. Qc5 Kb2 59. Qf2 Kb1 60. Qf5 Kb2 61. Qb5+ Ka1 62. Qf1+
Kb2 63. Qe2 Kb1 64. Qd3 Kb2 65. Qd2 Kb1 66. h5 c1=Q 67. Qxc1+ Kxc1 68. Kd5 Kd2
69. Kc4 Ke3 70. h6 Ke4 71. h7 Kf5 72. h8=Q Kf4 73. Qh5 Kg3 74. Qxa5 Kg4 75. Kd4
Kf4 76. Qe5+ Kf3 77. a5 Kg4 78. a6 Kf3 79. a7 Kf2 80. a8=Q Kf1 81. Qf3+ Kg1 82.
Qeg3# {White mates} 1-0

[Event "Erlenbach 2006"]
[Site "Klingenberg"]
[Date "2006.04.22"]
[Round "3.5"]
[White "Corona D+ 8 Mhz, Saitek"]
[Black "Amsterdam, Mephisto"]
[Result "1-0"]
[WhiteElo "2063"]
[BlackElo "1927"]
[PlyCount "151"]
[EventDate "2006.04.22"]
[EventType "swiss"]
[EventRounds "6"]
[EventCountry "GER"]

1. d4 d5 2. c4 Nc6 3. Nc3 {*} Nf6 4. cxd5 Nxd5 5. e4 Nxc3 6. bxc3 e6 7. Nf3 Be7
8. Bb5 O-O 9. Bxc6 bxc6 10. Ne5 Qd6 11. Nc4 Qd8 12. Ba3 Bxa3 13. Nxa3 c5 14.
O-O Ba6 15. Re1 Qd6 16. Qa4 Bb7 17. Nc4 Qf4 18. dxc5 Rfd8 19. c6 Bc8 20. Red1
Rf8 21. e5 f6 22. Rd4 Qf5 23. f4 h6 24. Qa5 Rf7 25. Ne3 Qg6 26. Rad1 fxe5 27.
Rd8+ Kh7 28. Qxe5 Qf6 29. Qe4+ g6 30. R1d4 Rb8 31. h3 e5 32. Qxe5 Rb1+ 33. Nd1
Qxe5 34. fxe5 Be6 35. Ra4 Rb5 36. Rxa7 Rxe5 37. Re8 Re4 38. Nf2 Re1+ 39. Kh2
Re2 40. a4 g5 41. Nd3 Kg6 42. Nc5 Kf6 43. Nd7+ Kg6 44. Rxc7 Kh5 45. h4 Kxh4 46.
Rh8 Bd5 47. Rxh6+ Kg4 48. Ne5+ Rxe5 49. Rxf7 Bxf7 50. Rh7 Bg6 51. Rg7 Be4 52.
c7 Rc5 53. Re7 Bf5 54. a5 Rc6 55. Rf7 Rxc3 56. a6 Be4 57. Re7 Bd5 58. Rd7 Be4
59. Rd4 Kf5 60. Rxe4 Rxc7 61. Ra4 Ra7 62. Kg3 Ke6 63. Kg4 Kd6 64. Kxg5 Kc6 65.
Ra2 Kb6 66. Kf6 Ra8 67. g4 Rf8+ 68. Ke6 Rg8 69. g5 Ka7 70. Kf6 Rf8+ 71. Kg7 Rc8
72. g6 Rc3 73. Kg8 Rc6 74. Kh7 Rc3 75. Rh2 Kxa6 76. g7 1-0